A Dialogue of Civilizations: Gulen's Islamic Ideals and Humanistic Discourse (Record no. 320452)

000 -LEADER
fixed length control field 00356 a2200133 4500
001 - CONTROL NUMBER
control field 85379
020 ## - INTERNATIONAL STANDARD BOOK NUMBER
International Standard Book Number 9781597841108
082 ## - DEWEY DECIMAL CLASSIFICATION NUMBER
Classification number 297.092 CAR
090 ## - LOCALLY ASSIGNED LC-TYPE CALL NUMBER (OCLC); LOCAL CALL NUMBER (RLIN)
-- 40106
-- 40105
100 ## - MAIN ENTRY--PERSONAL NAME
Personal name B.Jill Carroll
245 ## - TITLE STATEMENT
Title A Dialogue of Civilizations: Gulen's Islamic Ideals and Humanistic Discourse
260 ## - PUBLICATION, DISTRIBUTION, ETC.
Place of publication, distribution, etc. USA
Name of publisher, distributor, etc. Tughra Books
Date of publication, distribution, etc. 2011
300 ## - PHYSICAL DESCRIPTION
Extent vii 114
942 ## - ADDED ENTRY ELEMENTS (KOHA)
Institution code [OBSOLETE] caenust
Call number prefix 297.092 CAR
Holdings
Withdrawn status Lost status Damaged status Not for loan Collection code Permanent Location Current Location Date acquired Total Checkouts Full call number Barcode Date last seen Price effective from Koha item type
          College of Aeronautical Engineering (CAE) College of Aeronautical Engineering (CAE) 04/03/2017   297.092 CAR CAEG-9564 04/05/2017 04/05/2017 Book
© 2023 Central Library, National University of Sciences and Technology. All Rights Reserved.